00491 2200181 4500001002100000005001500021008004100036020002200077035001900099041000700118082001100125090001700136100002600153245004400179260004100223300002400264650002100288INLIS00000000000017020241224112128241224||||||||| | ||| |||| || |  a978-602-02-1232-6 0010-1224000170 aid0 a338.04 a338.04 IKH a0 aA. Khoerussalim Ikhs.00aAction! For One Family One Entrepreneur aJakartabElex Media Komputindoc2013 axl, 358 hlm.; 21 cm 0aIlmu-ilmu Sosial